Normal view MARC view

Entry Personal Name

Number of records used in: 1

001 - CONTROL NUMBER

  • control field: 64996

003 - CONTROL NUMBER IDENTIFIER

  • control field: MY-SjTCS

005 - DATE AND TIME OF LATEST TRANSACTION

  • control field: 20191205134830.0

008 - FIXED-LENGTH DATA ELEMENTS

  • fixed length control field: 121006nn a|a||abb| a a|a d

039 #9 -

  • : 201210061306
  • : shuhada

040 ## - CATALOGING SOURCE

  • Original cataloging agency: VRT
  • Transcribing agency: VRT

100 1# - HEADING--PERSONAL NAME

  • Personal name: Masci, Sandro.

670 ## - SOURCE DATA FOUND

  • Source citation: Simply raw!, c2012.:
  • Information found: t.p. (edited by Federica Romagnoli ; preface by Sandro Masci ; introductions by Liliana Bonomi.)

999 ## -

  • : VIRTUA4 x

999 ## -

  • : VTLSSORT0080*0400*1000*6700*9991